[Event "Mantova Province-ch"]
[Site "Mantova"]
[Date "2013.03.15"]
[Round "5"]
[White "Zordan, Giovanni"]
[Black "Varini, Matteo"]
[Result "1-0"]
[WhiteElo "1680"]
[BlackElo "1671"]
[PlyCount "72"]
[EventDate "2013.02.15"]
[EventType "swiss"]
[EventRounds "6"]
[EventCountry "ITA"]
[SourceTitle "EXT 2014"]
[Source "ChessBase"]
[SourceDate "2013.11.20"]
[SourceVersion "1"]
[SourceVersionDate "2013.11.20"]
[SourceQuality "1"]

1. e4 d6 2. d4 Nf6 3. Bd3 g6 4. Nf3 Bg7 5. Bg5 0-0 6. 0-0 Nbd7 7. c4 c5 8. Be3 Nh5 9. Qd2 Re8 10. Nc3 b6 11. a3 Ba6 12. Rab1 Rc8 13. b3 Nhf6 14. h3 h5 15. Qc2 Nh7 16. a4 Ndf8 17. Rfe1 Ne6 18. e5 Bb7 19. exd6 Bxf3 20. dxe7 Rxe7 21. d5 Bxd5 22. Nxd5 Rd7 23. f4 Nf6 24. Nxf6+ Bxf6 25. Rbd1 Bd4 26. f5 Bxe3+ 27. Rxe3 Nf4 28. fxg6 Rxd3 29. gxf7+ Kxf7 30. Rexd3 Nxd3 31. Rxd3 Qc7 32. Qf2+ Kg8 33. Rg3+ Kh8 34. Qf6+ Kh7 35. Qg6+ Kh8 36. Qxh5+ Qh7 1-0